| 000 | 00967cam a22003015i 4500 | ||
|---|---|---|---|
| 999 |
_c28696 _d28667 |
||
| 001 | 011934063 | ||
| 003 | EG-ScBUE | ||
| 005 | 20200908150752.0 | ||
| 008 | 881130s1988 enk f b 000 0 eng | ||
| 020 | _a0140772006 (pbk) | ||
| 020 | _a9780140772005 | ||
| 040 |
_aUk _beng _erda _cUk _dEG-ScBUE |
||
| 043 | _ae-uk--- | ||
| 082 | 0 | 4 |
_a658.15920941 _bSYR _222 |
| 100 | 1 |
_aSyrett, Michel, _eauthor. _941909 |
|
| 245 | 1 | 0 |
_aStarting a business on a shoestring / _cMichel Syrett and Chris Dunn. |
| 250 | _aFirst edition. | ||
| 264 | 1 |
_aLondon : _bPenguin Books, _c1988. |
|
| 300 |
_a272 pages ; _c22 cm |
||
| 336 |
_atext _btxt _2rdacontent |
||
| 337 |
_aunmediated _bn _2rdamedia |
||
| 338 |
_avolume _bnc _2rdacarrier |
||
| 504 | _aIncludes bibliographical references. | ||
| 650 | 7 |
_aSmall business _zGreat Britain _xFinance. _2BUEsh |
|
| 653 |
_aGreat Britain _aCompanies _aFinancial management |
||
| 700 | 1 |
_aDunn, Christopher, _d1949- _eauthor. |
|
| 942 |
_2ddc _cBB |
||